000
00400nam a2200145Ia 4500
008
100122s9999 xx 000 0 und d
082
_b
37261
_a
823
100
_a
वैद्य सुरेश
245
_a
फीलिंग
260
_b
दिलीपराज प्रकाशन
_c
1905
300
_a
208
630
_a
फीलिंग
730
_a
फीलिंग
942
_c
BOOK
999
_c
419721
_d
419718